000 02305nam a2200481 a 4500
999 _c129821
_d129821
003 BLK
005 20241011155803.0
008 180409b bul|||||r ||||||| ||bul||
010 _aKNG00135566000
040 _aBLK
041 _aBUL
_cBUL
072 7 _2bullib
_aА
_xФонд Михаил Арнаудов
080 _aОрганизации, дружества и движения за развитие на науката и културата и разпространение на научни знания. Научна общественост
_b061.22
_x(=81)(063)
_z061.22(=81)(063)
080 _aДвижения за обединяване на езикова, расова, религиозна, географска и др. основа. Вж и 323.1
_b327.39
_x(=81)(063)
_z327.39(=81)(063)
139 _aВтори подготвителен славянски събор в София 1910 г.
_bВ 88
245 1 0 _aВтори подготвителен славянски събор в София, 1910 г.
_bМатериали
257 _aBGR
260 _aСофия
_bСлав. благотвор. д-во в България
_c1911
_fСофия : печ. П. М. Бъзайтов
300 _a257 с., 26 л.
_bил.
_c23 см
380 _a0
490 _9396381
_aЧастна колекция - Академик Михаил Арнаудов
_gДарение - Основен фонд
500 _aФонд Михаил Арнаудов - мека подв.
650 4 _aСлавянски народи - взаимоотношения
_9319858
650 4 _aСлавянско движение - България
_9321882
650 4 _aСлавянство
_9171149
651 4 _aБългария
_9241624
651 4 _aСофия
_9179576
653 _aславянство
653 _aславянски народи
659 _aА
852 _aЦб 0.215.31341
_bЦб
852 _aМА 2865
852 _aЦб 3.230.16926
_bО
856 4 _qpdf
856 4 _qpdf
942 _cKNG
_n0
_s1
_01
944 _aCR
_c26.10.2012
_lХристина Везирева
_k30535
944 _aED
_c2021-03-10
_kГГГ
944 _aED
_c2021-04-02
_kВК
999 _d129821
999 _d129821
999 _d129821